000 00532nam a2200229Ia 4500
008 210210b2009 xxu||||| |||| 00| 0 eng d
020 _a9780521138444
041 _aeng
082 _a530.12 LEVA
100 _aLEVI (A F J)
245 _aApplied quantum mechanics Ed 2
250 _a
260 _aCambridge
_bCambridge University Press
_c2009
300 _axvi,558
650 _aquantum
650 _amechanics
650 _aEd
650 _aApplied
650 _a2
690 _aQuantum Mechanics
906 _a064933
999 _c141796
_d141796